| 000 | 00799nam a22002537a 4500 | ||
|---|---|---|---|
| 003 | DO-SdBNP | ||
| 005 | 20230331082532.0 | ||
| 008 | 160622b2009 sp| 00| 0 spa d | ||
| 020 | _a9788420469096 | ||
| 040 |
_aBPMSU _bspa _cBPMSU |
||
| 082 | 4 |
_a891.623 _bC695A 2009 _222 |
|
| 100 | 1 |
_aColfer, Eoin _d1965- |
|
| 245 | 1 | 0 |
_aAirman : _buna traición convertida en leyenda / _cEoin Colfer ; traductor Mercedes Núñez Salazar |
| 260 |
_aMadrid : _bAlfaguara, _c2009 |
||
| 300 |
_a460 p. : _c23 cm |
||
| 534 |
_aTítulo original : _tAirman |
||
| 590 | _6Inventariado, 2023/VM | ||
| 650 | 4 | _aNovela irlandesa | |
| 650 | 4 | _a Novela de ciencia ficción | |
| 650 | 4 | _aNovela fantástica | |
| 700 | 1 | _aNúñez Salazar, Mercedes | |
| 910 | _aVMateo V. Control de calidad (BPMSU) | ||
| 942 |
_2ddc _cBK |
||
| 999 |
_c10481 _d10481 |
||